The three robbers (Record no. 32503)

000 -Guida (Record label)
Guida (Record label) 00551nam 22002053 4500
001 - Identificatore del record
Identificatore del record 32503
005 - Identificatore di versione
Identificatore di versione 20260210133026.0
010 ## - International Standard Book Number (ISBN)
Numero (ISBN) 9780714848778
100 ## - Dati di elaborazione
Dati di elaborazione 20260210d c||y0itay50 ba
101 ## - Lingua di pubblicazione
Lingua del testo, traccia sonora, etc. inglese
102 ## - Paese di pubblicazione o di produzione
Paese di pubblicazione Regno Unito - UK
200 ## - Titolo e formulazione responsabilità
Titolo proprio The three robbers
Prima formulazione di responsabilità Tomi Ungerer
210 ## - Area relativa al materiale specifico: pubblicazione, distribuzione etc.
Luogo di pubblicazione, distribuzione, etc. London
-- New York
Nome dell'editore, distributore, etc. Phaidon
Data di pubblicazione, distribuzione, etc. ©2009
215 ## - Descrizione fisica
Indicazione specifica del materiale ed estensione del documento 1 volume (senza paginazione)
Altre particolarità fisiche ill.
Dimensioni 30 cm
300 ## - Note generali
Testo di nota Fascia d'età: 5-10
500 ## - Titolo uniforme
Titolo uniforme Die drei Räuber
Codice 26235
610 ## - Termini di soggetto non controllati
Termine di soggetto Narrativa tedesca per bambini
700 ## - Autore personale - responsabilità principale
Elemento principale Ungerer
Ulteriore elemento del nome Tomi
Codice interno Koha 26236
090 ## - id koha
valore id 32503
942 ## - Informazioni aggiuntive
Koha item type Libro
Holdings
Ritiro della copia Copia smarrita Data di inventario Bib. proprietaria della copia Bib. che possiede o presta (holding branch) Codice a barre Inventario Collocazione Data di prestito o deposito Data di scadenza del prestito Tipo di circolazione (non a prestito) Tipo della copia e materiale
Non ritirata Non persa 2026-02-10 Scaffale Circolante Scaffale Circolante 11069 SC-11069 R IN UNG 2026-02-19 2027-02-19   Libro

Powered by Koha